| 000 | 01104cam a22003257a 4500 | ||
|---|---|---|---|
| 003 | CHAP | ||
| 005 | 20220329134855.0 | ||
| 008 | 971013s1952 r 00010 d | ||
| 010 | _a27301 | ||
| 011 | _a28273 | ||
| 035 | _a32376 | ||
| 040 | _cCHAP | ||
| 082 |
_a338.9726 _bK4 |
||
| 100 | 0 | 0 |
_aKelly, Isabel. _962957 |
| 245 | 1 | 4 | _aThe Tajin Totonac |
| 260 |
_aWashington : _bGovernment Printing Office, _c1952 |
||
| 300 |
_av. _b: ilus. ; láms. |
||
| 490 | 0 |
_aSmithsonian Institution. Institute of Social Antropology Publication _v; 13 |
|
| 590 |
_aBATCH-UPD _b10 _c20130110 _lUCH01 _h1319 |
||
| 590 |
_aBATCH-UPD _b10 _c20130410 _lUCH01 _h0829 |
||
| 590 |
_aBATCH-UPD _b10 _c20130914 _lUCH01 _h1856 |
||
| 590 |
_aCONVERSION _b10 _c20130109 _lUCH01 _h1316 |
||
| 650 | 1 | 4 |
_aTotonacas. _9114360 |
| 650 | 1 | 4 |
_aTotonacas _xCondiciones económicas. _9114361 |
| 700 | 0 |
_aPalerm, Angel. _984917 |
|
| 830 | 0 |
_aSmithsonian Institution. Institute of Social Antropology Publication _v; 13 _9107181 |
|
| 901 | _aBK | ||
| 942 | _cLIBRO | ||
| 949 |
_a338.9726 K4 _bBC _cLIBRO _d33724000397683 _eLIBRO _fv.1 _h12393 _i32376 _si |
||
| 999 |
_c27301 _d27301 |
||